| 000 | 01258 a2200217 4500 | ||
|---|---|---|---|
| 005 | 20080827163347.0 | ||
| 008 | 080827t xxu||||| |||| 00| 0 hin d | ||
| 010 | _aHIN-83321 | ||
| 020 |
_c200.00 _a8188675016 |
||
| 035 | _aHN-55667 | ||
| 037 | _bपु.प्र.अ.प्र / प्रका | ||
| 082 | _a954.0841 | ||
| 100 | _aवर्मा, शिव | ||
| 245 |
_aसंस्मृतियाँ : (क्रान्तिकारी शहीदों के संस्मरणात्मक रेखाचित्र) / _cशिव वर्मा |
||
| 246 |
_aSansmritiyan : ( Krantikari shaheedon ke sansmaranatmak rekhchitra ) / _bby Shiv Verma |
||
| 260 |
_aदिल्ली _bलोक प्रकाशन गृह _c2007 |
||
| 270 |
_aबी-131, गली नं.2, सादतपुर _bदिल्ली _e110094 _k2269962 |
||
| 300 |
_a167पृ _c22 सेमी (सजिल्द) _bसचित्र |
||
| 942 |
_adpl _cHN _k954.0841 / वर्माशि _2ddc _h954.0841 _mवर्माशि |
||
| 999 |
_c12148 _d12148 |
||